[Event "25. Schweinfurt Open"]
[Site "Schweinfurt"]
[Date "2015.06.05"]
[Round "3.6"]
[White "Hohner, Karl-Heinz"]
[Black "Krauß, Josef"]
[Result "0-1"]
[WhiteElo "1914"]
[BlackElo "2136"]
[PlyCount "90"]
[EventDate "2015.??.??"]

1. d4 d5 2. Nf3 Nf6 3. e3 Bf5 4. Bd3 Bxd3 5. Qxd3 c6 6. O-O e6 7. Nbd2 Nbd7 8.
b3 Bd6 9. Bb2 O-O 10. Ne5 Qe7 11. f4 c5 12. Rac1 Rac8 13. c4 Rfd8 14. Qe2 cxd4
15. exd4 Ba3 16. Bxa3 Qxa3 17. c5 Qb2 18. Qf2 Rc7 19. Rb1 Qa3 20. b4 Ne4 21.
Nxe4 dxe4 22. Nc4 Qd3 23. Rbc1 b5 24. Rfd1 bxc4 25. Rxd3 cxd3 26. Qe3 f5 27. b5
Nf6 28. b6 axb6 29. cxb6 Rb7 30. d5 Rxd5 31. Rc8+ Kf7 32. Rc7+ Rxc7 33. bxc7 d2
34. Qxd2 Rxd2 35. c8=Q Rxa2 36. h3 Rd2 37. Qc7+ Rd7 38. Qe5 h5 39. Kf1 Nd5 40.
Ke2 Nf6 41. Qb8 Nd5 42. Qe5 Rc7 43. Ke1 Rc1+ 44. Kf2 h4 45. Qb8 Rc2+ 0-1

[Event "25. Schweinfurt Open"]
[Site "Schweinfurt"]
[Date "2015.06.05"]
[Round "3.7"]
[White "Maar, Samuel"]
[Black "Kuhn, Norbert"]
[Result "0-1"]
[WhiteElo "1879"]
[BlackElo "2116"]
[PlyCount "80"]
[EventDate "2015.??.??"]

1. e4 e6 2. d4 d5 3. e5 c5 4. c3 Bd7 5. Nf3 Qb6 6. Be2 Nh6 7. b3 cxd4 8. cxd4
Bb4+ 9. Bd2 Nc6 10. O-O Nxd4 11. Nxd4 Qxd4 12. Bxh6 Qxd1 13. Rxd1 gxh6 14. a3
Ba5 15. b4 Bc7 16. f4 Bb6+ 17. Kh1 Rc8 18. g3 Ba4 19. Rf1 Ke7 20. Nd2 Rc2 21.
Bd1 Rxd2 22. Bxa4 Rc8 23. f5 Bd4 24. Rae1 Bf2 25. Rd1 Rxd1 26. Rxd1 Rc3 27. f6+
Kd8 28. Kg2 Rxa3 29. Kxf2 Rxa4 30. Rb1 Ra3 31. Kg2 a6 32. Kf2 Kd7 33. b5 a5 34.
Rb2 Ra4 35. b6 Rb4 36. Ra2 a4 37. h3 Kc6 38. Rd2 Kxb6 39. Rxd5 exd5 40. e6 Rc4
0-1

[Event "25. Schweinfurt Open"]
[Site "Schweinfurt"]
[Date "2015.06.05"]
[Round "3.8"]
[White "Volkamer, Tobias"]
[Black "Orwatsch, Gerhard"]
[Result "0-1"]
[WhiteElo "1805"]
[BlackElo "2078"]
[PlyCount "80"]
[EventDate "2015.??.??"]

1. d4 c5 2. d5 d6 3. c4 e5 4. Nc3 f5 5. e4 Be7 6. exf5 Bxf5 7. Bd3 Bxd3 8. Qxd3
Na6 9. a3 Qd7 10. Nge2 O-O-O 11. Rb1 Rf8 12. Be3 Nh6 13. b4 Nf5 14. O-O Nd4 15.
f4 Bf6 16. Ne4 b6 17. bxc5 Nxc5 18. Nxc5 dxc5 19. fxe5 Nxe2+ 20. Qxe2 Bxe5 21.
Bxc5 Rxf1+ 22. Rxf1 Qc7 23. Rf8+ Rxf8 24. Bxf8 Bxh2+ 25. Kh1 Be5 26. Qh5 g6 27.
Qg4+ Qd7 28. Qxd7+ Kxd7 29. g4 Ke8 30. Bb4 a5 31. Bd2 a4 32. Bb4 Kd7 33. Kg2 h5
34. gxh5 gxh5 35. c5 bxc5 36. Bxc5 Bd6 37. Bd4 Bxa3 38. Be5 Bc1 39. Kf3 a3 40.
Ke2 Bb2 0-1

[Event "25. Schweinfurt Open"]
[Site "Schweinfurt"]
[Date "2015.06.05"]
[Round "3.9"]
[White "Kilian, Markus"]
[Black "Hartmann, Christian"]
[Result "1/2-1/2"]
[WhiteElo "1993"]
[BlackElo "1744"]
[PlyCount "48"]
[EventDate "2015.??.??"]

1. d4 d5 2. c4 c6 3. Nf3 Nf6 4. Nc3 dxc4 5. a4 Bf5 6. Ne5 Nbd7 7. Nxc4 Qc7 8.
g3 e5 9. dxe5 Nxe5 10. Bf4 Nfd7 11. Bg2 g5 12. Ne3 gxf4 13. Nxf5 O-O-O 14. Qc2
Kb8 15. O-O fxg3 16. hxg3 h5 17. Rfc1 Nf6 18. Rab1 a5 19. Ne4 Nxe4 20. Qxe4 Bb4
21. Ne3 Qe7 22. Nc4 Nxc4 23. Qxe7 Bxe7 24. Rxc4 h4 1/2-1/2

[Event "25. Schweinfurt Open"]
[Site "Schweinfurt"]
[Date "2015.06.05"]
[Round "3.10"]
[White "Brux, Jürgen"]
[Black "Posske, Thore"]
[Result "0-1"]
[WhiteElo "1775"]
[BlackElo "1942"]
[PlyCount "114"]
[EventDate "2015.??.??"]

1. d4 d5 2. c4 c6 3. cxd5 cxd5 4. Nf3 Nc6 5. g3 Nf6 6. Bg2 Qb6 7. O-O Bg4 8. e3
e6 9. a3 Rc8 10. Nbd2 Be7 11. Qb3 Qc7 12. Qa4 O-O 13. b4 a6 14. Bb2 b5 15. Qb3
Nd7 16. Rac1 Bxf3 17. Nxf3 Nb6 18. Ne5 Nc4 19. Nd3 f5 20. Nc5 Qd6 21. Nxa6 N6a5
22. bxa5 Qxa6 23. Rc2 Nxa5 24. Qd3 Rxc2 25. Qxc2 Rc8 26. Qd3 Nc4 27. Rb1 Ra8
28. Bf1 Qa4 29. Bc1 Rc8 30. Bb2 Bd6 31. Be2 Bxa3 32. Bxa3 Nxa3 33. Ra1 b4 34.
Bd1 Qa5 35. Bb3 Rc3 36. Qd1 Qc7 37. Kg2 g6 38. h4 Kg7 39. Kf1 h6 40. Kg2 Kf6
41. Kf3 Qg7 42. Kg2 Qb7 43. Ra2 Qa6 44. Kg1 Qc8 45. Ra1 Qa6 46. Ra2 Qc6 47. Ra1
Qb5 48. Ra2 Ke7 49. Rb2 Qc6 50. Kh2 Rc1 51. Qd2 Qc3 52. Kg2 Nc4 53. Bxc4 Qxd2
54. Rxd2 dxc4 55. Kf3 c3 56. Ra2 b3 57. Ra7+ Kd8 0-1

[Event "25. Schweinfurt Open"]
[Site "Schweinfurt"]
[Date "2015.06.05"]
[Round "3.11"]
[White "Wilm, Konrad"]
[Black "Sendner, Markus"]
[Result "0-1"]
[WhiteElo "1602"]
[BlackElo "1919"]
[PlyCount "94"]
[EventDate "2015.??.??"]

1. d4 Nf6 2. c4 e6 3. Nf3 d5 4. Nc3 Nbd7 5. Bf4 a6 6. c5 Be7 7. e3 c6 8. Bd3 a5
9. h3 b6 10. cxb6 Qxb6 11. Rb1 Ba6 12. O-O O-O 13. Re1 c5 14. Na4 Qb4 15. a3
Qb7 16. Bc2 Rac8 17. dxc5 Nxc5 18. Nc3 Nce4 19. Nxe4 Nxe4 20. Bd3 Bxd3 21. Qxd3
a4 22. Nd4 Bf6 23. Bh2 Bxd4 24. Qxd4 Rc4 25. Qd3 Rfc8 26. f3 Nc5 27. Qd1 Nb3
28. Be5 Rc2 29. Bc3 R2xc3 30. bxc3 Rxc3 31. Qe2 Qc6 32. Qf2 Qc5 33. Qh4 Qxa3
34. Qd8+ Qf8 35. Qxf8+ Kxf8 36. Re2 Ke7 37. Kf2 a3 38. Ra2 Na5 39. Ke2 Nc4 40.
e4 d4 41. Rd1 Re3+ 42. Kf2 d3 43. Rdd2 Kf6 44. Ra1 Ke5 45. Rc1 Nxd2 46. Kxe3
Nb3 47. Rc2 dxc2 0-1

[Event "25. Schweinfurt Open"]
[Site "Schweinfurt"]
[Date "2015.06.05"]
[Round "3.12"]
[White "Grasmik, Waldemar"]
[Black "Wiener, Horst"]
[Result "0-1"]
[WhiteElo "1571"]
[BlackElo "1916"]
[PlyCount "114"]
[EventDate "2015.??.??"]

1. d4 d5 2. e4 dxe4 3. Nc3 Nf6 4. Bg5 Bf5 5. f3 exf3 6. Qxf3 Bc8 7. Be3 c6 8.
h3 Qb6 9. O-O-O Qa5 10. Bd2 Qf5 11. Qg3 Qg6 12. Qe3 Bf5 13. Bd3 Bxd3 14. cxd3
Nbd7 15. g4 h5 16. g5 Nd5 17. Nxd5 cxd5 18. Kb1 Rc8 19. Nf3 e6 20. Bc3 h4 21.
Rhf1 Bd6 22. Ne5 Nxe5 23. dxe5 Bc5 24. Qf3 Qh5 25. Qf4 O-O 26. d4 Be7 27. Bd2
Rc4 28. Rc1 Rfc8 29. Rxc4 Rxc4 30. Rc1 Qg6+ 31. Ka1 Rxc1+ 32. Bxc1 Qc2 33. Qd2
Qe4 34. a3 Qh1 35. Qe3 b5 36. Ka2 Qf1 37. Bd2 Qc4+ 38. Kb1 b4 39. Bxb4 Bxb4 40.
axb4 Qxb4 41. Qc3 Qxc3 42. bxc3 Kh7 43. Kb2 Kg6 44. Kb3 Kxg5 45. c4 dxc4+ 46.
Kxc4 Kf4 47. Kc5 Ke4 48. Kc4 g5 49. Kc5 g4 50. hxg4 h3 51. g5 h2 52. Kd6 h1=Q
53. g6 fxg6 54. Kxe6 Kxd4 55. Kf6 Qc6+ 56. e6 Qxe6+ 57. Kxe6 a5 0-1

[Event "25. Schweinfurt Open"]
[Site "Schweinfurt"]
[Date "2015.06.06"]
[Round "4.1"]
[White "FM Kunz, Konstantin"]
[Black "FM Golda, Harald"]
[Result "1/2-1/2"]
[WhiteElo "2186"]
[BlackElo "2346"]
[PlyCount "113"]
[EventDate "2015.??.??"]

1. d4 Nf6 2. Bg5 Ne4 3. Bf4 c5 4. f3 Qa5+ 5. c3 Nf6 6. d5 Qb6 7. Bc1 e6 8. e4
exd5 9. exd5 Bd6 10. Bc4 O-O 11. Ne2 h6 12. O-O Qc7 13. Kh1 b6 14. a4 Bb7 15.
Na3 a6 16. Nc2 b5 17. axb5 axb5 18. Rxa8 Bxa8 19. Bxb5 Nxd5 20. Qd3 Re8 21. Bc4
Nb6 22. Ba2 c4 23. Qd1 Nc6 24. Ne3 Ne5 25. Nd4 Bf8 26. Bb1 Nd5 27. Nxd5 Bxd5
28. Bf4 d6 29. h3 Rb8 30. Bc1 Bb7 31. f4 Nd7 32. Qc2 Nf6 33. Re1 Qd7 34. Kh2
Re8 35. Rxe8 Qxe8 36. Qe2 Qa8 37. b4 cxb3 38. Nxb3 Qc8 39. Bd2 Bd5 40. Nd4 Qb7
41. Bd3 Be4 42. c4 d5 43. cxd5 Qxd5 44. Bxe4 Nxe4 45. Nf3 Bd6 46. Be3 Qf5 47.
g3 Qd5 48. Nd2 Nxd2 49. Qxd2 Qxd2+ 50. Bxd2 f5 51. g4 g6 52. Kg3 Kf7 53. Kf3
Ke6 54. Be3 h5 55. Bd2 Kd5 56. gxf5 gxf5 57. Ba5 1/2-1/2

[Event "25. Schweinfurt Open"]
[Site "Schweinfurt"]
[Date "2015.06.06"]
[Round "4.2"]
[White "Seidens, Udo"]
[Black "Promyshlyanskyy, Vitaliy"]
[Result "1-0"]
[WhiteElo "2222"]
[BlackElo "2217"]
[PlyCount "153"]
[EventDate "2015.??.??"]

1. c4 Nf6 2. g3 g6 3. Bg2 Bg7 4. Nc3 d6 5. e3 O-O 6. Nge2 e5 7. O-O c6 8. Qb3
Qe7 9. d4 e4 10. h3 h5 11. Qa3 Bf5 12. b4 Nbd7 13. c5 dxc5 14. bxc5 Nh7 15. Rb1
Rfb8 16. Kh2 Ng5 17. Ng1 Nf6 18. Rb4 Qd7 19. Nce2 Nf3+ 20. Nxf3 exf3 21. Bxf3
Bxh3 22. Re1 Bf5 23. Ra4 a6 24. Qb3 Re8 25. Rb4 Re7 26. Nf4 Ne4 27. Kg1 Bf6 28.
Bg2 h4 29. g4 Bxg4 30. f3 h3 31. fxg4 hxg2 32. Re2 a5 33. Rb6 a4 34. Qc4 Qxg4
35. Rxg2 Qd1+ 36. Qf1 Qxf1+ 37. Kxf1 Kg7 38. Rgb2 Rh8 39. Kg2 g5 40. Ne2 Nxc5
41. dxc5 Bxb2 42. Bxb2+ f6 43. Ng3 Kg6 44. Bd4 Rh4 45. e4 Reh7 46. Bg1 Rd7 47.
Rb2 a3 48. Re2 Rd1 49. Bf2 Rh7 50. Re3 Rhd7 51. Rxa3 R7d2 52. Rb3 Rxa2 53. Rxb7
Rdd2 54. Nh1 Ra1 55. Ng3 Raa2 56. Nh1 Ra5 57. Ng3 Raa2 58. Nh1 Rac2 59. Rb3
Rxc5 60. Kf3 Rcc2 61. Be3 Rd7 62. Ng3 c5 63. Rb6 Rh7 64. e5 Rf7 65. Ne4 Kf5 66.
Nd6+ Kg6 67. Nxf7 Kxf7 68. Rxf6+ Ke7 69. Bxg5 c4 70. Ke4 Kd7 71. Kd5 c3 72.
Rf7+ Ke8 73. Rc7 Rg2 74. Bf6 c2 75. Ke6 c1=Q 76. Rxc1 Rc2 77. Rxc2 1-0

[Event "25. Schweinfurt Open"]
[Site "Schweinfurt"]
[Date "2015.06.06"]
[Round "4.3"]
[White "Kuhn, Norbert"]
[Black "Ziegler, Michael"]
[Result "1/2-1/2"]
[WhiteElo "2116"]
[BlackElo "2183"]
[PlyCount "21"]
[EventDate "2015.??.??"]

1. e4 c5 2. Nf3 e6 3. c3 Nf6 4. d3 Nc6 5. Be2 d5 6. e5 Nd7 7. d4 Be7 8. O-O f6
9. exf6 Bxf6 10. Be3 Qe7 11. Re1 1/2-1/2

[Event "25. Schweinfurt Open"]
[Site "Schweinfurt"]
[Date "2015.06.06"]
[Round "4.4"]
[White "Krauß, Josef"]
[Black "Bräutigam, Thomas"]
[Result "1/2-1/2"]
[WhiteElo "2136"]
[BlackElo "2105"]
[PlyCount "156"]
[EventDate "2015.??.??"]

1. e4 e5 2. Nf3 Nc6 3. Nc3 Nf6 4. d4 exd4 5. Nxd4 Bb4 6. Nxc6 bxc6 7. Bd3 d5 8.
exd5 cxd5 9. O-O O-O 10. Bg5 c6 11. Na4 Qd6 12. Bh4 Qf4 13. Bg3 Qg4 14. Qxg4
Bxg4 15. f3 Be6 16. c3 Be7 17. Bf2 Nd7 18. f4 g6 19. f5 gxf5 20. Bg3 Nb6 21.
Nxb6 axb6 22. Bxf5 Bc5+ 23. Kh1 Rfe8 24. a3 b5 25. Be5 Bf8 26. Rf3 Bxf5 27.
Rxf5 Re6 28. Raf1 Rae8 29. Bd4 h6 30. Rxf7 c5 31. Bg1 Re2 32. R7f5 R2e5 33.
R5f3 Rg5 34. Be3 Rg6 35. Kg1 Bd6 36. Bf4 Bxf4 37. Rxf4 Re2 38. R4f2 Rge6 39. g3
d4 40. cxd4 cxd4 41. Rxe2 Rxe2 42. Rd1 Rxb2 43. Rxd4 Rb3 44. Rb4 Rxa3 45. Rxb5
Kg7 46. Rf5 Kg6 47. Rf4 Ra2 48. Rf2 Ra1+ 49. Kg2 Ra3 50. Re2 Ra6 51. Kf3 Rf6+
52. Kg4 Ra6 53. Re4 Rb6 54. Kh4 Ra6 55. Rg4+ Kh7 56. Rb4 Kg6 57. Kg4 Rc6 58. h4
h5+ 59. Kf3 Re6 60. Kf4 Rf6+ 61. Ke3 Ra6 62. Re4 Ra5 63. Re6+ Kf5 64. Rb6 Ra3+
65. Kf2 Kg4 66. Rg6+ Kh3 67. Rg5 Ra2+ 68. Kf3 Ra3+ 69. Kf4 Rb3 70. Kf5 Rb6 71.
Rg8 Rb5+ 72. Kf6 Rb6+ 73. Kg5 Kxg3 74. Kxh5+ Kh3 75. Rh8 Rb4 76. Kg5 Rg4+ 77.
Kf5 Rxh4 78. Rxh4+ Kxh4 1/2-1/2

[Event "25. Schweinfurt Open"]
[Site "Schweinfurt"]
[Date "2015.06.06"]
[Round "4.5"]
[White "Pototzky, Daniel"]
[Black "Gould, Charles"]
[Result "1-0"]
[WhiteElo "2135"]
[BlackElo "1968"]
[PlyCount "53"]
[EventDate "2015.??.??"]

1. e4 d6 2. d4 Nf6 3. Bd3 g6 4. Nf3 Bg7 5. c3 Nc6 6. O-O e5 7. h3 O-O 8. Bg5
Qe8 9. Re1 h6 10. Be3 Nh5 11. Qd2 Kh7 12. Na3 a6 13. b4 f5 14. exf5 gxf5 15.
dxe5 dxe5 16. b5 e4 17. Bc5 Rf6 18. bxc6 Rxc6 19. Bd4 Qf8 20. Rxe4 fxe4 21.
Bxe4+ Bf5 22. Bxc6 bxc6 23. Nh4 Bxh3 24. Qd3+ Kg8 25. Qxh3 Qxa3 26. Qe6+ Kh8
27. Qxh6+ 1-0

[Event "25. Schweinfurt Open"]
[Site "Schweinfurt"]
[Date "2015.06.06"]
[Round "4.6"]
[White "Orwatsch, Gerhard"]
[Black "Wiener, Horst"]
[Result "1/2-1/2"]
[WhiteElo "2078"]
[BlackElo "1916"]
[PlyCount "102"]
[EventDate "2015.??.??"]

1. d4 Nf6 2. Bf4 e6 3. e3 c5 4. c3 Nc6 5. Nd2 d5 6. Ngf3 Be7 7. h3 O-O 8. Bd3
h6 9. g4 Bd6 10. g5 Bxf4 11. gxf6 Bd6 12. fxg7 Re8 13. Qc2 f5 14. Rg1 Qf6 15.
O-O-O cxd4 16. exd4 Re7 17. Kb1 Bd7 18. Rde1 Rc8 19. Qd1 Rc7 20. Rg2 Rxg7 21.
Rxg7+ Kxg7 22. Qe2 Bf4 23. Nf1 Rc8 24. Ne3 Rg8 25. Rg1+ Kf8 26. Rxg8+ Kxg8 27.
Ng2 Bd6 28. Qe3 Kf7 29. Nf4 Bf8 30. Be2 Kg8 31. Kc2 a6 32. Nh5 Qe7 33. Qf4 Be8
34. Qg3+ Kh7 35. Nf4 Qf6 36. Nd3 Qg7 37. Qf4 Bh5 38. Qe3 Qf6 39. b4 Bd6 40. Nc5
Bxc5 41. bxc5 f4 42. Qd2 Bg6+ 43. Bd3 Be4 44. Qe2 Qf5 45. Bxe4 dxe4 46. Nh4 Qd5
47. Qg4 Qxa2+ 48. Kc1 Qa1+ 49. Kc2 Qa4+ 50. Kc1 Qa1+ 51. Kc2 Qa2+ 1/2-1/2

[Event "25. Schweinfurt Open"]
[Site "Schweinfurt"]
[Date "2015.06.06"]
[Round "4.7"]
[White "Krenz, Dieter"]
[Black "Feichtner, Erich"]
[Result "0-1"]
[WhiteElo "1978"]
[BlackElo "1862"]
[PlyCount "74"]
[EventDate "2015.??.??"]

1. e4 e5 2. Nf3 Nc6 3. Bb5 Bc5 4. O-O Qe7 5. c3 a6 6. Ba4 b5 7. Bb3 h6 8. d4
Bb6 9. dxe5 Nxe5 10. Bf4 Ng6 11. Bg3 h5 12. h4 Nf6 13. Ng5 O-O 14. Re1 Bb7 15.
e5 Ng4 16. Qd3 d5 17. Bc2 f5 18. e6 Rf6 19. Nd2 f4 20. Bxf4 Bxf2+ 21. Kh1 Bxe1
22. Be3 Bxh4 23. Ndf3 Qd6 24. Bg1 Bxg5 25. Nxg5 Qf4 26. Nh3 Qe5 27. Qd2 Rxe6
28. Ng5 Qg3 29. Bf5 Qh4+ 30. Nh3 Qxh3+ 31. gxh3 d4+ 32. Qg2 Bxg2+ 33. Kxg2 Nh4+
34. Kf1 Nxf5 35. hxg4 hxg4 36. cxd4 Rf8 37. d5 Ne3+ 0-1

[Event "25. Schweinfurt Open"]
[Site "Schweinfurt"]
[Date "2015.06.06"]
[Round "4.8"]
[White "Wohlfahrt, Michael"]
[Black "Reinl, Fred"]
[Result "1/2-1/2"]
[WhiteElo "1852"]
[BlackElo "1978"]
[PlyCount "145"]
[EventDate "2015.??.??"]

1. e4 e6 2. d4 b6 3. Nf3 Bb7 4. Bd3 Nf6 5. Qe2 d5 6. e5 Ne4 7. O-O c5 8. c3 Be7
9. Nbd2 Nxd2 10. Bxd2 Nc6 11. h3 c4 12. Bc2 b5 13. a3 a5 14. Nh2 g6 15. Bh6 Bg5
16. Bxg5 Qxg5 17. f4 Qh4 18. Ng4 O-O-O 19. Nf6 a4 20. Qf3 Ne7 21. g4 Ng8 22.
Nxg8 Rhxg8 23. Kh2 Bc6 24. g5 h6 25. Qg3 hxg5 26. fxg5 Qh7 27. Bd1 Rdf8 28. Bg4
Rh8 29. Rf6 Bd7 30. Raf1 Kd8 31. R1f3 Ke7 32. Qf2 Qg7 33. Kg2 Rh7 34. Kf1 Qh8
35. Ke2 Rg7 36. Qg3 Qh7 37. Qf4 Qg8 38. Ke3 Qh8 39. Qg3 Rh7 40. Rf1 Rg7 41.
R6f3 Qh7 42. Qf4 Rgg8 43. Rh1 Qh4 44. Rhf1 Rh8 45. R1f2 Qh7 46. Qg3 Ke8 47. Rf1
Ke7 48. R3f2 Ke8 49. Rh2 Qh4 50. Qxh4 Rxh4 51. Kf4 Rfh8 52. Kg3 R8h7 53. Rf4
Ke7 54. Be2 Rxf4 55. Kxf4 Rh4+ 56. Bg4 Kf8 57. Kg3 Rh7 58. h4 Kg7 59. h5 Rh8
60. Kh4 Kg8 61. Rf2 gxh5 62. Bxh5 Be8 63. Rf6 Kg7 64. Kg4 Rg8 65. Rh6 Kf8 66.
Kf4 Ke7 67. Rh7 Kf8 68. Bd1 Rg7 69. Rxg7 Kxg7 70. Bc2 Bd7 71. Kg4 Be8 72. Kh4
Kh8 73. Kg4 1/2-1/2

[Event "25. Schweinfurt Open"]
[Site "Schweinfurt"]
[Date "2015.06.06"]
[Round "4.9"]
[White "Posske, Thore"]
[Black "Blank, Stefan"]
[Result "1-0"]
[WhiteElo "1942"]
[BlackElo "1822"]
[PlyCount "103"]
[EventDate "2015.??.??"]

1. d4 Nf6 2. Nf3 g6 3. Bg5 Bg7 4. Nbd2 d6 5. e4 O-O 6. Bd3 Nfd7 7. O-O c5 8. c3
Nc6 9. Be3 a6 10. a4 cxd4 11. Nxd4 Nde5 12. Be2 Nxd4 13. cxd4 Nc6 14. Nc4 d5
15. exd5 Nb4 16. Bf3 Bf5 17. Qb3 a5 18. Na3 Rc8 19. Rac1 Qd7 20. Bd2 Rxc1 21.
Rxc1 Rc8 22. Rxc8+ Qxc8 23. Qc3 Qd7 24. Qc5 Nd3 25. Qxa5 Bxd4 26. Nb5 Bxf2+ 27.
Kf1 Bc5 28. Bc3 f6 29. Nc7 b6 30. Qa8+ Qc8 31. Qxc8+ Bxc8 32. Be2 Nf4 33. Bc4
Bd6 34. Na8 Bf5 35. Nxb6 Bd3+ 36. Bxd3 Nxd3 37. a5 Bc5 38. Nd7 Ba7 39. g3 Kf7
40. Ke2 Nc5 41. Nxc5 Bxc5 42. Kd3 h5 43. Bd4 Bd6 44. a6 Bb8 45. a7 Bxa7 46.
Bxa7 g5 47. b4 f5 48. b5 Ke8 49. Be3 h4 50. Bxg5 hxg3 51. hxg3 Kd7 52. b6 1-0

[Event "25. Schweinfurt Open"]
[Site "Schweinfurt"]
[Date "2015.06.06"]
[Round "4.10"]
[White "Langguth, Rolf"]
[Black "Sendner, Markus"]
[Result "1-0"]
[WhiteElo "1598"]
[BlackElo "1919"]
[PlyCount "81"]
[EventDate "2015.??.??"]

1. e4 c5 2. f4 e6 3. Nf3 Nc6 4. Bb5 Nge7 5. d4 cxd4 6. Nxd4 Qb6 7. Bxc6 Nxc6 8.
c3 a6 9. Qb3 Qc7 10. Be3 Na5 11. Qc2 Nc4 12. Bf2 Qxf4 13. O-O Ne3 14. Bxe3
Qxe3+ 15. Kh1 Bc5 16. Nd2 Bxd4 17. Nc4 O-O 18. Nxe3 Bxe3 19. Rf3 Bg5 20. e5 g6
21. Raf1 b5 22. Qf2 f5 23. exf6 Rf7 24. h4 Bh6 25. Qb6 d5 26. Qc6 Rb8 27. Qd6
Ra8 28. Rg3 Bf8 29. Qe5 Bh6 30. h5 g5 31. Rff3 Bd7 32. Rxg5+ Bxg5 33. Qxg5+ Kh8
34. Rg3 Raf8 35. h6 Re8 36. Qe5 Ref8 37. Rg7 Be8 38. Qg5 Bd7 39. Rxf7 Rxf7 40.
Qe5 Kg8 41. g4 1-0

[Event "25. Schweinfurt Open"]
[Site "Schweinfurt"]
[Date "2015.06.06"]
[Round "4.11"]
[White "Völker, Joachim"]
[Black "Kilian, Markus"]
[Result "0-1"]
[WhiteElo "1835"]
[BlackElo "1993"]
[PlyCount "46"]
[EventDate "2015.??.??"]

1. e4 g6 2. d4 Bg7 3. c3 d6 4. Be3 Nf6 5. Bd3 O-O 6. h3 Nbd7 7. Nf3 c5 8. O-O
Qc7 9. Na3 a6 10. Re1 b5 11. Qd2 Bb7 12. Bh6 e5 13. Bxg7 Kxg7 14. dxe5 dxe5 15.
Rad1 c4 16. Bb1 Nc5 17. Qg5 Nfxe4 18. Qxe5+ Qxe5 19. Nxe5 Rfe8 20. Nd7 Na4 21.
Bxe4 Rxe4 22. Rxe4 Bxe4 23. f3 Bf5 0-1

[Event "25. Schweinfurt Open"]
[Site "Schweinfurt"]
[Date "2015.06.06"]
[Round "4.12"]
[White "Markwardt, Sven"]
[Black "Hohner, Karl-Heinz"]
[Result "0-1"]
[WhiteElo "1795"]
[BlackElo "1914"]
[PlyCount "116"]
[EventDate "2015.??.??"]

1. Nf3 Nf6 2. c4 c6 3. Nc3 d5 4. d4 e6 5. Qc2 Nbd7 6. cxd5 exd5 7. e3 Bd6 8.
Bd3 O-O 9. O-O Re8 10. e4 Nxe4 11. Nxe4 dxe4 12. Bxe4 h6 13. h3 Nf6 14. Bd3 Nd5
15. a3 Qf6 16. Bd2 Nf4 17. Bxf4 Qxf4 18. Qd2 Qf6 19. Qc3 Be6 20. Bc4 Bxc4 21.
Qxc4 Re4 22. Rfe1 Rae8 23. Rxe4 Rxe4 24. Re1 Qf4 25. Qc1 Qxc1 26. Rxc1 Re2 27.
b4 Ra2 28. Rb1 Rxa3 29. Ne5 Bxe5 30. dxe5 Kf8 31. f4 Ke7 32. Kf2 Ra2+ 33. Kf3
Ke6 34. Rb3 a6 35. g4 Rh2 36. Ke4 Re2+ 37. Kd3 Re1 38. Kd4 Rd1+ 39. Ke4 g5 40.
f5+ Ke7 41. Rc3 Rb1 42. Rc4 Rb3 43. f6+ Ke8 44. e6 fxe6 45. Ke5 Kf7 46. Kd6
Rd3+ 47. Kc7 e5 48. Kxb7 Rd4 49. Rxc6 Rxb4+ 50. Kxa6 e4 51. Ka5 Rd4 52. Kb5 e3
53. Rc1 Kxf6 54. Re1 Re4 55. Kc5 Ke5 56. Kc6 e2 57. Kc5 Kf4 58. Kd5 Kf3 0-1

[Event "25. Schweinfurt Open"]
[Site "Schweinfurt"]
[Date "2015.06.06"]
[Round "5.1"]
[White "FM Golda, Harald"]
[Black "Seidens, Udo"]
[Result "1/2-1/2"]
[WhiteElo "2346"]
[BlackElo "2222"]
[PlyCount "35"]
[EventDate "2015.??.??"]

1. d4 Nf6 2. Nf3 g6 3. c4 Bg7 4. g3 O-O 5. Bg2 d6 6. Nc3 Na6 7. O-O c5 8. b3
Bg4 9. h3 Bxf3 10. Bxf3 cxd4 11. Qxd4 Nc5 12. Bb2 Nfd7 13. Qd2 a5 14. Rad1 Ne5
15. Bg2 a4 16. Qc2 axb3 17. axb3 Nc6 18. Bxc6 1/2-1/2

[Event "25. Schweinfurt Open"]
[Site "Schweinfurt"]
[Date "2015.06.06"]
[Round "5.2"]
[White "Promyshlyanskyy, Vitaliy"]
[Black "FM Kunz, Konstantin"]
[Result "1-0"]
[WhiteElo "2217"]
[BlackElo "2186"]
[PlyCount "45"]
[EventDate "2015.??.??"]

1. e4 c5 2. Nc3 a6 3. a4 Nc6 4. f4 g6 5. Nf3 Bg7 6. Bc4 d6 7. O-O e6 8. f5 Ne5
9. Nxe5 Bxe5 10. Qf3 Qe7 11. d3 h6 12. fxg6 fxg6 13. Bf4 Bxf4 14. Qxf4 Bd7 15.
e5 g5 16. Qf3 O-O-O 17. Bxa6 Be8 18. exd6 Rxd6 19. Bb5 Bg6 20. a5 g4 21. Qf2
Rd8 22. a6 bxa6 23. Rxa6 1-0

[Event "25. Schweinfurt Open"]
[Site "Schweinfurt"]
[Date "2015.06.06"]
[Round "5.3"]
[White "Ziegler, Michael"]
[Black "Posske, Thore"]
[Result "1/2-1/2"]
[WhiteElo "2183"]
[BlackElo "1942"]
[PlyCount "76"]
[EventDate "2015.??.??"]

1. d4 d5 2. c4 e6 3. Nf3 c6 4. Qc2 Nd7 5. g3 Bd6 6. Bg2 Ne7 7. O-O O-O 8. b3 e5
9. cxd5 Nxd5 10. e4 Nb4 11. Qd2 exd4 12. a3 Na6 13. Nxd4 Be5 14. f4 Bxd4+ 15.
Qxd4 Ndc5 16. Qxd8 Rxd8 17. b4 Nb3 18. Ra2 Nxc1 19. Rxc1 Be6 20. Rb2 Rd4 21. f5
Bc4 22. Nd2 Bb5 23. Nb3 Rd7 24. Na5 f6 25. Kf2 Rad8 26. Rc3 Nb8 27. Bf1 Bxf1
28. Kxf1 a6 29. Kf2 Kf7 30. Re2 Re7 31. h3 h5 32. Ke3 Rd1 33. Rd3 Rxd3+ 34.
Kxd3 Nd7 35. Kd4 Nb6 36. Kc5 Na4+ 37. Kc4 Nb6+ 38. Kc5 Na4+ 1/2-1/2

[Event "25. Schweinfurt Open"]
[Site "Schweinfurt"]
[Date "2015.06.06"]
[Round "5.4"]
[White "Feichtner, Erich"]
[Black "Krauß, Josef"]
[Result "1/2-1/2"]
[WhiteElo "1862"]
[BlackElo "2136"]
[PlyCount "59"]
[EventDate "2015.??.??"]

1. d4 d5 2. c4 c6 3. Nf3 Nf6 4. e3 Bf5 5. Nc3 e6 6. Qb3 Qb6 7. c5 Qc7 8. Bd2
Nbd7 9. Rc1 Be7 10. Nh4 Bg6 11. Nxg6 hxg6 12. g3 O-O 13. Qd1 b6 14. b4 a5 15.
a3 axb4 16. axb4 e5 17. Be2 bxc5 18. bxc5 Ne4 19. Nxe4 dxe4 20. h4 Bf6 21. Bc3
Rfd8 22. Qc2 exd4 23. exd4 e3 24. Bc4 Nf8 25. h5 exf2+ 26. Kxf2 Bxd4+ 27. Bxd4
Rxd4 28. hxg6 Rxc4 29. Qxc4 Nxg6 30. Rc2 1/2-1/2

[Event "25. Schweinfurt Open"]
[Site "Schweinfurt"]
[Date "2015.06.06"]
[Round "5.5"]
[White "Bräutigam, Thomas"]
[Black "Pototzky, Daniel"]
[Result "1/2-1/2"]
[WhiteElo "2105"]
[BlackElo "2135"]
[PlyCount "134"]
[EventDate "2015.??.??"]

1. Nf3 Nf6 2. c4 g6 3. Nc3 d5 4. Qa4+ Bd7 5. Qb3 dxc4 6. Qxc4 Bg7 7. g3 O-O 8.
Bg2 Nc6 9. O-O e5 10. d3 Bg4 11. Bg5 Qd7 12. Rac1 Rfe8 13. Rfe1 Rac8 14. Bxf6
Bxf6 15. Ne4 Be7 16. Nc5 Bxc5 17. Qxc5 Qd6 18. Qb5 Rb8 19. Qa4 Bd7 20. Qc2 Rec8
21. a3 a5 22. e3 Bf5 23. Red1 Rd8 24. Ne1 Bd7 25. Rd2 Ra8 26. Qc3 Ra6 27. h3
Be6 28. Rcd1 Bd5 29. Bf1 Rb6 30. Rc1 Rb3 31. Qc2 a4 32. Be2 Qd7 33. Kh2 h5 34.
Bf1 Qe7 35. Bg2 Qd6 36. Bxd5 Qxd5 37. Qc4 Qa5 38. Rdc2 Rd5 39. Kg2 Kg7 40. Rb1
Rdb5 41. Rd2 Qb6 42. Qxa4 Rxb2 43. Rdxb2 Rxb2 44. Rxb2 Qxb2 45. Nf3 Qc3 46. Qb5
b6 47. Qd5 Kf6 48. h4 Ke7 49. a4 Ke8 50. Ng5 Nd8 51. Ne4 Qc6 52. Qxe5+ Ne6 53.
Kh2 Kd8 54. d4 Qxa4 55. d5 Nc5 56. Nf6 Nd3 57. Qg5 Kc8 58. d6 cxd6 59. Nd5 Qa2
60. Nxb6+ Kb7 61. Qb5 Nxf2 62. Nc4+ Kc7 63. Qb6+ Kd7 64. Qxd6+ Ke8 65. Qb8+ Ke7
66. Qd6+ Ke8 67. Qb8+ Ke7 1/2-1/2

[Event "25. Schweinfurt Open"]
[Site "Schweinfurt"]
[Date "2015.06.06"]
[Round "5.6"]
[White "Langguth, Rolf"]
[Black "Kuhn, Norbert"]
[Result "1/2-1/2"]
[WhiteElo "1598"]
[BlackElo "2116"]
[PlyCount "39"]
[EventDate "2015.??.??"]

1. c4 e6 2. g3 d5 3. Bg2 Nf6 4. Nf3 Be7 5. O-O O-O 6. d4 c6 7. Nc3 b6 8. Re1
Nbd7 9. cxd5 exd5 10. e4 dxe4 11. Ng5 Bb7 12. Ngxe4 Re8 13. Bf4 Nxe4 14. Nxe4
Nf6 15. Rc1 Nd5 16. Bd2 Bb4 17. Bxb4 Nxb4 18. Qb3 Nd5 19. Nc3 Nxc3 20. bxc3
1/2-1/2

[Event "25. Schweinfurt Open"]
[Site "Schweinfurt"]
[Date "2015.06.06"]
[Round "5.7"]
[White "Hohner, Karl-Heinz"]
[Black "Orwatsch, Gerhard"]
[Result "0-1"]
[WhiteElo "1914"]
[BlackElo "2078"]
[PlyCount "38"]
[EventDate "2015.??.??"]

1. d4 g6 2. e4 Bg7 3. Nc3 c6 4. Be3 d5 5. Qd2 h5 6. Nf3 Nf6 7. e5 Ng4 8. Bf4
Bf5 9. Bd3 Bxd3 10. Qxd3 e6 11. h3 Nh6 12. O-O Nd7 13. Rfe1 Nf5 14. b4 Bf8 15.
Rab1 Be7 16. Qd2 Nb6 17. Qc1 Nc4 18. Ne2 b5 19. c3 a5 0-1